[Event "Nereto op"]
[Site "Nareto"]
[Date "1999.??.??"]
[Round "1"]
[White "Badea, Bela"]
[Black "Leoncini, Mario"]
[Result "1-0"]
[WhiteElo "2479"]
[BlackElo "2164"]

1.Nf3 d5 2.g3 Nf6 3.Bg2 e6 4.O-O Be7 5.d3 O-O 6.Nbd2 c5 7.e4 dxe4 8.dxe4 Nc6
9.e5 Nd5 10.Re1 b6 11.a3 Bb7 12.Qe2 Qd7 13.Ne4 Rad8 14.b3 Qc8 15.Bb2 Nc7
16.Nf6+ Kh8 17.Ng5 Bxf6 18.exf6 g6 19.Qe4 e5 20.Qh4 h5 21.Bh3 Ne6 22.Nxe6 fxe6
23.Qg5 Kh7 24.Bc1 Rxf6 25.Qxf6 Nd4 26.Qf7+ Kh8 27.Bg2 Bxg2 28.Bg5  1-0

[Event "Nereto op"]
[Site "Nareto"]
[Date "1999.??.??"]
[Round "7"]
[White "Badea, Bela"]
[Black "Iordachescu, Viorel"]
[Result "1/2-1/2"]
[WhiteElo "2479"]
[BlackElo "2539"]

1.Nf3 d5 2.g3 Bg4 3.Bg2 Nd7 4.d4 c6 5.O-O Ngf6 6.Nbd2 e6 7.Re1 Be7 8.e4 O-O
9.c3 c5 10.exd5 Nxd5 11.Nc4 Bf6 12.dxc5 Nxc5 13.h3 Bh5 14.Nce5 Qc7 15.Qe2 Rad8
16.g4 Bg6 17.Nxg6 hxg6 18.h4 a5 19.g5 Be7 20.Ne5 Bd6 21.f4 Ne7 22.Be3 Bxe5
23.fxe5 Nf5 24.Bf2 Nd3 25.Red1 Nxf2 26.Qxf2 Qc4 27.Kh2 b5 28.Kh3 Rd3+ 29.Rxd3 Qxd3+
30.Kh2 Rd8 31.Re1 Qc4 32.Bf1 Qxh4+ 33.Qxh4 Nxh4 34.Kh3 Nf3 35.Re3 Nxg5+ 36.Kg4 f6
37.Bxb5 Rd1 38.a3 Rd5 39.Bc4 Rc5 40.Ba2 a4 41.exf6 gxf6 42.Bxe6+ Nxe6 43.Rxe6 Kf7
44.Rb6 g5 45.Rb4 Ra5 46.c4 Ke6 47.c5 Rxc5 48.Rxa4 Rc1 49.Rb4 Rg1+ 50.Kf3 f5
51.Rb6+ Ke7 52.Rb7+ Kf6 53.Rb6+ Kf7 54.a4 Ra1 55.b3 Kg7 56.Kg3 f4+ 57.Kf3 Rf1+
58.Kg2 Rc1 59.a5 g4 60.Rb4 f3+ 61.Kf2 Rc2+ 62.Kf1  1/2-1/2

[Event "Nigran op 13th"]
[Site "Nigran"]
[Date "1999.??.??"]
[Round "7"]
[White "Miguel Lago, Vitor"]
[Black "Glavina Rossi, Pablo"]
[Result "0-1"]
[WhiteElo "2340"]
[BlackElo "2425"]

1.Nf3 d5 2.g3 Bg4 3.Bg2 Nd7 4.d4 e6 5.O-O Bd6 6.c4 c6 7.b3 Bxf3 8.Bxf3 f5
9.Bh5+ g6 10.Bf3 Ngf6 11.Bh6 Qe7 12.Nc3 Kf7 13.h4 Rab8 14.Rc1 Rhe8 15.e3 Kg8
16.Bg2 Rbd8 17.Qc2 Qf7 18.Rcd1 Bb8 19.Ne2 Ne4 20.b4 Ndf6 21.Bf4 e5 22.dxe5 Bxe5
23.Bxe5 Rxe5 24.Nf4 Qe7 25.a3 Kg7 26.cxd5 Nxd5 27.Nxd5 Rexd5 28.Rxd5 Rxd5
29.Rd1 Rxd1+ 30.Qxd1 Qd6 31.Qxd6 Nxd6 32.Bf1 Kf6 33.Bd3 Ke5 34.Kf1 Kd5 35.Ke2 b6
36.f3 c5 37.bxc5 Kxc5 38.g4 fxg4 39.fxg4 Nc4 40.g5 Ne5 41.Bb1 Kd6 42.Ba2 Nd7
43.Kf3 Ke5 44.Bc4 Nf8 45.Bd3 Ne6 46.Bc4 Nf8 47.Bd3 Kd5 48.Kg4 Nd7 49.Kf4 Nc5
50.Bc2 Ne6+ 51.Kg4 b5 52.h5 Nf8 53.hxg6 hxg6 54.Bd3 a6 55.Kf4 Ne6+ 56.Kg4 Nf8
57.Kf4 Kd6 58.Kg4 Ke5 59.Kf3 Kd6 60.Kg4 Ke5 61.Kf3 Kd6 62.Kg4 Kd5 63.Kf3 Nd7
64.Kf4 Ne5 65.Be4+ Kd6 66.Bb1 Kd5 67.Be4+ Ke6 68.Bc2 Kd6 69.a4 b4 70.a5 Kd5
71.Bb3+ Kd6 72.Bc2 Kd5 73.Bb3+ Nc4 74.Bc2 Nxa5 75.Bxg6 b3 76.Kf5 Nc4 77.Kf6 b2
78.Bb1 Nxe3 79.g6 Ng4+ 80.Ke7 Nh6 81.Kf6 Kd6 82.g7 a5 83.Kg6 Ng8 84.Kf7 Nh6+
85.Kg6 Ng8 86.Kf7 Ne7 87.Ba2 Nf5 88.Kg6 Ke5 89.g8=N Nh4+ 90.Kf7  0-1

[Event "RUS-ch sf"]
[Site "Novosibirsk"]
[Date "1999.??.??"]
[Round "3"]
[White "Tolstikh, Nikolay"]
[Black "Erikalov, A."]
[Result "1-0"]
[WhiteElo "2405"]
[BlackElo "2438"]

1.Nf3 d5 2.g3 c6 3.Bg2 Bf5 4.O-O e6 5.d3 Nf6 6.Nbd2 Be7 7.Qe1 h6 8.e4 Bh7
9.Ne5 O-O 10.f4 Na6 11.a3 Nc5 12.Kh1 a5 13.g4 Bd6 14.Qe2 dxe4 15.d4 Ncd7
16.g5 hxg5 17.fxg5 Bxe5 18.dxe5 Nd5 19.c4 Ne7 20.Bxe4 Nf5 21.Nf3 Nc5 22.Bc2 Nd4
23.Nxd4 Qxd4 24.Bxh7+ Kxh7 25.Rf4 Qd3 26.Qh5+ Kg8 27.Be3 Qxe3 28.Rh4 Qe4+
29.Rxe4 Nxe4 30.Re1 Nf2+ 31.Kg1 Nd3 32.Re4 Rfd8 33.Rh4 Kf8 34.Qh8+  1-0

[Event "RUS-ch sf"]
[Site "Novosibirsk"]
[Date "1999.??.??"]
[Round "4"]
[White "Tolstikh, Nikolay"]
[Black "Akselrod, Vladislav"]
[Result "0-1"]
[WhiteElo "2405"]
[BlackElo "2405"]

1.Nf3 d5 2.g3 Nf6 3.Bg2 Nc6 4.d4 g6 5.b3 Bg7 6.Bb2 O-O 7.O-O a5 8.Nbd2 a4
9.Qc1 Ne4 10.Rd1 a3 11.Bxa3 Nc3 12.Re1 Nxd4 13.Nxd4 Bxd4 14.Bb2 Bg7 15.a4 Bg4
16.Kf1 c6 17.Nb1 d4 18.h3 Be6 19.Kg1 Qc8 20.Kh2 Ra5 21.h4 Rh5 22.Bf3 Bg4
23.Nxc3 dxc3 24.Ba3 Bh6 25.Qd1 Bd2 26.Rh1 Qf5 27.Kg2 Qe6 28.e3 Bxf3+ 29.Qxf3 Rf5
30.Qe2 Qe4+ 31.Kh2 Qxc2 32.Bxe7 Re8 33.Bg5 Qxb3 34.Rhb1 Qd5 35.Rxb7 c2 36.e4 Rxe4  0-1

[Event "GER-ch U14"]
[Site "Oberhof"]
[Date "1999.??.??"]
[Round "?"]
[White "Gasthofer, Alexander"]
[Black "Wegerle, Joerg"]
[Result "1/2-1/2"]
[WhiteElo "2200"]
[BlackElo "2135"]

1.Nf3 d5 2.g3 Nf6 3.Bg2 c6 4.O-O Bg4 5.d3 Nbd7 6.Nbd2 e6 7.b3 Bc5 8.Bb2 O-O
9.c4 Qe7 10.a3 e5 11.b4 Bb6 12.c5 Bc7 13.e4 dxe4 14.dxe4 a5 15.Qc2 axb4 16.axb4 Rfd8
17.Nc4 h6 18.h3 Bxf3 19.Bxf3 Qe6 20.Bg2 Rdc8 21.Rfc1 Rxa1 22.Rxa1 b6 23.cxb6 Nxb6
24.Na5 Bd6 25.Ba3 Nfd7 26.Nb7 Nc4 27.Nc5 Nxa3 28.Rxa3 Qe7 29.Rc3 Bxc5 30.bxc5 Ra8
31.Qb2 Qe6 32.Qb4 Ra1+ 33.Kh2 Ra2 34.Kg1 Ra1+ 35.Kh2 Ra2  1/2-1/2

[Event "GER-ch U14"]
[Site "Oberhof"]
[Date "1999.??.??"]
[Round "?"]
[White "Berrang, Gerrit"]
[Black "Meinhardt, Maximilian"]
[Result "0-1"]
[WhiteElo "1815"]
[BlackElo "1680"]

1.Nf3 d5 2.g3 c5 3.Bg2 e6 4.O-O Nf6 5.d3 Be7 6.Nbd2 Nc6 7.c3 O-O 8.e4 b6
9.Ne1 dxe4 10.dxe4 Ba6 11.e5 Nxe5 12.f4 Neg4 13.Bxa8 Bxf1 14.Bf3 Bh3 15.Qe2 Qc7
16.Nd3 c4 17.Ne5 Bc5+ 18.Kh1 Nf2+ 19.Kg1 b5 20.Bg2 Bf5 21.Ndf3 Bd3 22.Nxd3 cxd3
23.Qf1 Qd6 24.Bd2 N6e4 25.Be1 Ng4+ 26.Kh1 Ne3 27.Qg1 Nc2  0-1

[Event "GER-ch U16 Girls"]
[Site "Oberhof"]
[Date "1999.??.??"]
[Round "?"]
[White "Hippe, Franziska"]
[Black "Lange, Corinna"]
[Result "1/2-1/2"]
[WhiteElo "1655"]
[BlackElo "1785"]

1.Nf3 d5 2.g3 g6 3.Bg2 Bg7 4.d3 Nc6 5.Nbd2 e5 6.O-O Nge7 7.e4 f5 8.Re1 O-O
9.exd5 Nxd5 10.Nc4 e4 11.dxe4 fxe4 12.Ng5 Ndb4 13.Bxe4 Qxd1 14.Rxd1 h6 15.Nf3 Bg4
16.c3 Bxf3 17.Bxf3 Rxf3 18.cxb4 Nxb4 19.Be3 Nc2 20.Rac1 Nxe3 21.Nxe3 Rf7
22.b3 b6 23.Rc2 c5 24.Rd6 Kh7 25.Re2 Raf8 26.Nc2 Rc8  1/2-1/2

[Event "CZE-ch op"]
[Site "Plzen"]
[Date "1999.??.??"]
[Round "?"]
[White "Hlavnicka, Jiri"]
[Black "Dolezal, Radoslav Sr"]
[Result "1-0"]
[WhiteElo "2195"]
[BlackElo "2035"]

1.Nf3 d5 2.g3 Nf6 3.Bg2 Nbd7 4.d4 e6 5.O-O Bd6 6.c4 c6 7.Qc2 O-O 8.Nbd2 Re8
9.Rd1 Qc7 10.e4 dxe4 11.Nxe4 Nxe4 12.Qxe4 Nf6 13.Qe2 b6 14.Ne5 Bb7 15.Bf4 Rad8
16.b4 Nd7 17.a4 Nxe5 18.Bxe5 Rd7 19.c5 Bxe5 20.dxe5 Red8 21.Rd6 bxc5 22.bxc5 Qa5
23.Qc2 Kf8 24.Rb1 Ba8 25.Qxh7 Rxd6 26.cxd6  1-0

[Event "Mangini mem"]
[Site "Rio de Janeiro"]
[Date "1999.??.??"]
[Round "6"]
[White "Barbosa, Sergio Goncalvez"]
[Black "Carvalho, Carlos Alberto"]
[Result "1/2-1/2"]
[WhiteElo "2000"]
[BlackElo "2050"]

1.Nf3 d5 2.g3 c5 3.Bg2 Nc6 4.d4 Bf5 5.O-O e6 6.c4 Nf6 7.Nc3 Be7 8.cxd5 Nxd5
9.Re1 Nxc3 10.bxc3 Be4 11.Bf4 O-O 12.Ne5 Bxg2 13.Kxg2 Nxe5 14.Bxe5 Bd6 15.Bxd6 Qxd6
16.e3 Rfc8 17.Qf3 cxd4 18.cxd4 Rab8 19.Rec1 b5 20.Rab1 Rc7 21.Qf4 Qxf4 22.gxf4 Rxc1
23.Rxc1 g6 24.Kf3 Rb6 25.Ke4 Ra6 26.Ke5 Kg7 27.Rc2 f6+ 28.Ke4 Ra4 29.Kd3 Ra3+
30.Kd2 Kf8 31.Kc1 h6 32.Kb2 Rd3 33.Rc8+ Ke7 34.Kc2 Ra3  1/2-1/2

[Event "Rowy op"]
[Site "Rowy"]
[Date "1999.??.??"]
[Round "5"]
[White "Kengis, Edvins"]
[Black "Przedmojski, Rafal"]
[Result "1-0"]
[WhiteElo "2571"]
[BlackElo "2359"]

1.Nf3 d5 2.g3 c5 3.Bg2 Nc6 4.d4 Nf6 5.O-O Bg4 6.dxc5 e5 7.c4 d4 8.b4 e4 9.b5 exf3
10.exf3 Be6 11.bxc6 bxc6 12.f4 Rc8 13.Re1 g6 14.Qa4 Qd7 15.Nd2 Bxc5 16.Bb2 O-O
17.Nb3 Bb6 18.c5 Bxb3 19.Qxd4 Qxd4 20.Bxd4 Ba5 21.Re3 Nd5 22.Rxb3 Rfd8 23.Be5 f6
24.Bd6 Nc3 25.Be7 Rd2 26.Bxf6 Nd1 27.Rb7 Re8 28.Be5 Nxf2 29.Rf1 Nd1 30.Bxc6 Rc8
31.Ba4 Ne3 32.Bb3+ Nd5 33.Rb5 Rxc5 34.Rxc5 Bb6 35.Bd4  1-0

[Event "IGSP opA"]
[Site "Sao Caetano do Sul"]
[Date "1999.??.??"]
[Round "6"]
[White "Cukier, Marcelo"]
[Black "Zampronha, WC."]
[Result "1-0"]
[WhiteElo "2153"]
[BlackElo "2170"]

1.Nf3 d5 2.g3 c5 3.Bg2 Nc6 4.O-O e5 5.d3 f5 6.c4 d4 7.e3 Nf6 8.exd4 exd4
9.Na3 Be7 10.Nc2 O-O 11.a3 a5 12.Rb1 a4 13.b4 axb3 14.Rxb3 Bd6 15.Nd2 Qc7
16.Ne1 Bd7 17.Nef3 h6 18.Rb5 Ra6 19.Nh4 Kh7 20.f4 Ng4 21.Ndf3 b6 22.h3 Nf6
23.Ng5+ hxg5 24.fxg5 g6 25.gxf6 Rxf6 26.g4 Ne7 27.gxf5 Nxf5 28.Nxf5 Bxf5
29.Qd2 Qg7 30.Qg5 Be7 31.Qh4+ Kg8 32.Bh6 Qh7 33.Qf4 Bd6 34.Qg5 Be5 35.Rxf5  1-0

[Event "Liechtenstein op"]
[Site "Schaan"]
[Date "1999.??.??"]
[Round "6"]
[White "Kobler, Mario"]
[Black "Skorna, Ullrich"]
[Result "1-0"]
[WhiteElo "1830"]
[BlackElo "2160"]

1.Nf3 d5 2.g3 c5 3.Bg2 Nc6 4.d4 e6 5.O-O Nf6 6.a3 Be7 7.dxc5 Bxc5 8.b4 Be7
9.Nbd2 O-O 10.c4 a6 11.Bb2 Bd7 12.Rc1 Rc8 13.Qb3 dxc4 14.Nxc4 b5 15.Nce5 Qb6
16.Nxd7 Nxd7 17.Rfd1 Rfd8 18.Nd4 Nxd4 19.Bxd4 Rxc1 20.Bxb6 Rxd1+ 21.Qxd1 Nxb6
22.Qc1 Nc4 23.Be4 g6 24.Bd3 Rc8 25.Qc3 Bf8 26.Bxc4 Bg7 27.Qf3 bxc4 28.Qb7 Rd8
29.Qc7 Rd1+ 30.Kg2 Rc1 31.a4 Bb2 32.b5 axb5 33.axb5 f6 34.b6 Be5 35.Qc8+ Kg7
36.f4  1-0

[Event "Sportland-NRW-Cup"]
[Site "Senden"]
[Date "1999.??.??"]
[Round "5"]
[White "Petrosian, Arshak B"]
[Black "Jugelt, Tobias"]
[Result "1/2-1/2"]
[WhiteElo "2510"]
[BlackElo "2400"]

1.Nf3 d5 2.g3 c6 3.Bg2 Bg4 4.c4 e6 5.cxd5 exd5 6.Qb3 Qb6 7.Qc2 Nf6 8.O-O Be7
9.Nc3 O-O 10.d3 Na6 11.a3 Rfd8 12.b4 Bxf3 13.Bxf3 Nc7 14.Rb1 Ne6 15.Bg2 Qc7
16.e4 a5  1/2-1/2

[Event "Sportland-NRW-Cup"]
[Site "Senden"]
[Date "1999.??.??"]
[Round "6"]
[White "Volzhin, Alexander"]
[Black "Jonkman, Harmen"]
[Result "1-0"]
[WhiteElo "2565"]
[BlackElo "2420"]

1.Nf3 d5 2.g3 c6 3.Bg2 Bg4 4.c4 e6 5.cxd5 Bxf3 6.Bxf3 cxd5 7.O-O Nf6 8.d3 Nc6
9.Nc3 Bc5 10.Bd2 Rc8 11.Rc1 Bd4 12.Qb3 Qe7 13.Nb5 Be5 14.Be3 b6 15.Nd4 Bxd4
16.Bxd4 O-O 17.Bc3 Rfd8 18.Bg2 Nd7 19.Qd1 Nc5 20.b4 Nd7 21.Qa4 a5 22.bxa5 bxa5
23.Bxg7 Nc5 24.Rxc5 Qxc5 25.Qg4 f5 26.Qg5 Kf7 27.Qf6+ Kg8 28.Qg5 Kf7 29.Bf3 Ke8
30.e4 Nd4 31.Bxd4 Qxd4 32.exf5 Kd7 33.fxe6+ Kd6 34.e7 Rg8 35.Qh6+ Rg6 36.Qf8 Rg8
37.e8=N+  1-0

[Event "Villa de Sitges 35th"]
[Site "Sitges"]
[Date "1999.??.??"]
[Round "5"]
[White "Hamdouchi, Hichem"]
[Black "Stefanova, Antoaneta"]
[Result "1/2-1/2"]
[WhiteElo "2520"]
[BlackElo "2440"]

1.Nf3 d5 2.g3 c6 3.Bg2 Nf6 4.O-O Bg4 5.b3 e6 6.Bb2 Be7 7.d3 O-O 8.Nbd2 Nbd7
9.e4 dxe4 10.dxe4 e5 11.h3 Bxf3 12.Qxf3 Qc7 13.Nc4 b5 14.Ne3 Rfe8 15.a4 Nc5  1/2-1/2

[Event "White Nights (Women)"]
[Site "St Petersburg"]
[Date "1999.??.??"]
[Round "1"]
[White "Eidelson, Rakhil"]
[Black "Budylina, Sofia"]
[Result "1-0"]
[WhiteElo "2267"]
[BlackElo "2050"]

1.Nf3 d5 2.g3 Nf6 3.Bg2 e6 4.d3 Be7 5.O-O O-O 6.Nbd2 c5 7.e4 Nc6 8.c3 dxe4
9.dxe4 Qc7 10.Qe2 e5 11.Nc4 Be6 12.a4 Rfd8 13.h3 a6 14.Ng5 Bxc4 15.Qxc4 Bf8
16.f4 Na5 17.Qe2 Nb3 18.fxe5 Nxa1 19.exf6 c4 20.fxg7 Bc5+ 21.Kh1 Nb3 22.Qh5  1-0

[Event "White Nights op"]
[Site "St Petersburg"]
[Date "1999.??.??"]
[Round "1"]
[White "Kochyev, Alexander"]
[Black "Gaspariants, Garry"]
[Result "1/2-1/2"]
[WhiteElo "2428"]
[BlackElo "2230"]

1.Nf3 d5 2.g3 Nf6 3.Bg2 c6 4.O-O Bg4 5.c4 e6 6.cxd5 exd5 7.d3 Be7 8.Nc3 O-O
9.h3 Bh5 10.Qc2 Na6 11.g4 Bg6 12.Nh4 Nb4 13.Qb3 d4 14.Nxg6 hxg6 15.Ne4 Nxe4
16.Bxe4 a5 17.Bd2 a4 18.Qc4 b5 19.Qc1 Rc8 20.Bxb4 Bxb4 21.Qf4 Bd6  1/2-1/2

[Event "White Nights (Women)"]
[Site "St Petersburg"]
[Date "1999.??.??"]
[Round "4"]
[White "Eidelson, Rakhil"]
[Black "Koroljova, Valerija"]
[Result "1-0"]
[WhiteElo "2267"]
[BlackElo "2200"]

1.Nf3 d5 2.g3 Nf6 3.Bg2 e6 4.O-O b6 5.c4 Bb7 6.d4 Nbd7 7.Nc3 Be7 8.Ne5 O-O
9.Qa4 Nxe5 10.dxe5 Ne4 11.Nxe4 dxe4 12.Rd1 Qe8 13.Qc2 Qc6 14.Rd4 Qc5 15.Rd7 Rad8
16.Be3 Qxe5 17.Bf4 Qf6 18.Rxc7 Ba8 19.Be3 Bc5 20.Bxc5 bxc5 21.e3 Rd3 22.Rxa7 Bc6
23.Rf1 Rfd8 24.Rc7 e5 25.Bh3 Qh6 26.Kg2 Qf6 27.Rc8 Qf3+ 28.Kg1 Rxc8 29.Bxc8 f5
30.Be6+ Kf8 31.Bd5 Bxd5 32.cxd5 h5 33.Qxc5+ Kg8 34.h4 f4 35.Qc8+ Kh7 36.gxf4 Rxd5
37.Qf5+ Kh8 38.Rc1 Rd1+ 39.Rxd1 Qxd1+ 40.Kh2 exf4 41.Qxf4 Qe2 42.b4 Qxa2
43.Qf5 g6 44.Qf6+ Kh7 45.b5 Qa7 46.b6 Qd7 47.Qf4  1-0

[Event "White Nights op"]
[Site "St Petersburg"]
[Date "1999.??.??"]
[Round "8"]
[White "Kryschilovskij, Andrej"]
[Black "Vunder, A."]
[Result "1/2-1/2"]
[WhiteElo "2391"]
[BlackElo "2264"]

1.Nf3 d5 2.g3 Nf6 3.Bg2 c6 4.O-O Bg4 5.b3 e6 6.Bb2 Nbd7 7.d3 Be7 8.Nbd2 O-O
9.e4 e5 10.h3 Bxf3 11.Nxf3 dxe4 12.dxe4 Qc7 13.Nh4 Rfe8 14.Nf5 Bf8 15.Qe2  1/2-1/2

[Event "Sulzfeld op 10th"]
[Site "Sulzfeld"]
[Date "1999.??.??"]
[Round "6"]
[White "Guenthner, Oliver"]
[Black "Philipowski, Robert"]
[Result "1/2-1/2"]
[WhiteElo "2290"]
[BlackElo "2150"]

1.Nf3 d5 2.g3 Nf6 3.Bg2 Bf5 4.d3 h6 5.Nbd2 e6 6.c4 c6 7.O-O Be7 8.b3 O-O
9.Bb2 Nbd7 10.Rc1 a5 11.a3 Qb6 12.Rc2 Bh7 13.Qa1 Rac8 14.Ne5 Nxe5 15.Bxe5 Rfd8
16.Rfc1 Bf5 17.c5 Qa7 18.h3 Bh7 19.Bd4 Ne8 20.f4 Bf6 21.Nf3 Bxd4+ 22.Qxd4 Qb8
23.Ra2 Nc7 24.Qf2 Re8 25.Bf1 f6 26.d4 b5 27.e3  1/2-1/2

[Event "SVK-chT 9899"]
[Site "SVK"]
[Date "1999.??.??"]
[Round "11"]
[White "Bednar, J."]
[Black "Balogh, Peter"]
[Result "1/2-1/2"]
[WhiteElo "2215"]
[BlackElo "2255"]

1.Nf3 d5 2.g3 Nf6 3.Bg2 Bf5 4.O-O e6 5.b3 Be7 6.Bb2 O-O 7.e3 h6 8.d3 Nbd7
9.Nbd2 c6 10.Qe2 Bh7 11.Rfe1 a5  1/2-1/2

[Event "SVK-chT1E 9899"]
[Site "SVK"]
[Date "1999.??.??"]
[Round "11"]
[White "Shilov, Sergej"]
[Black "Pal, Peter"]
[Result "1-0"]
[WhiteElo "2330"]
[BlackElo "2225"]

1.Nf3 d5 2.g3 c5 3.Bg2 Nf6 4.O-O e6 5.d4 Nc6 6.c4 Be7 7.Nc3 dxc4 8.Qa4 O-O
9.dxc5 Qa5 10.Qxc4 Qxc5 11.Qxc5 Bxc5 12.Bf4 Rd8 13.Ne5 Bd7 14.Rac1 Bd6 15.Nxd7 Rxd7
16.Bg5 Be5 17.Bxc6 bxc6 18.Na4 Rc8 19.Rc2 Nd5 20.a3 Nb6 21.Nc5 Rd5 22.Be3 Bd4
23.Bxd4 Rxd4 24.Rfc1 Kf8 25.Nd3 Ke7 26.Nb4 c5 27.Rxc5 Rxc5 28.Rxc5 Rd2 29.Nd3 Rxe2
30.Rc7+ Kf6 31.b4 a5 32.bxa5 Nd5 33.Rc4 Ra2 34.a4 Ra3 35.Nf4 Ke5 36.a6 Nb6
37.a7 Kd6 38.Rb4  1-0

[Event "SWE-chT 9899"]
[Site "Sweden"]
[Date "1999.??.??"]
[Round "11"]
[White "Schneider, Lars Ake"]
[Black "Degerman, Lars"]
[Result "1/2-1/2"]
[WhiteElo "2386"]
[BlackElo "2528"]

1.Nf3 d5 2.g3 c6 3.b3 Bg4 4.Bg2 Nd7 5.Bb2 Ngf6 6.d3 Qb8 7.Nbd2 e5 8.O-O Bc5
9.e4 O-O 10.h3 Bh5 11.c4  1/2-1/2

[Event "SWE-chT 9899"]
[Site "Sweden"]
[Date "1999.??.??"]
[Round "11"]
[White "Holmqvist, Gunnar"]
[Black "Andersson, Mats"]
[Result "0-1"]
[WhiteElo "2257"]
[BlackElo "2366"]

1.Nf3 d5 2.g3 c6 3.Bg2 Bg4 4.d3 Nd7 5.Nbd2 e5 6.h3 Bh5 7.e4 Ngf6 8.O-O dxe4
9.Nxe4 Nxe4 10.dxe4 Be7 11.Be3 O-O 12.Qd3 Qc7 13.a4 a5 14.Rfd1 Rad8 15.Qc4 Kh8
16.Rd2 f6 17.Nh4 b6 18.Bf3 Bf7 19.Qe2 Bb4 20.Rdd1 Bc5 21.Bg4 Bxe3 22.Qxe3 Nc5
23.b3 Rxd1+ 24.Rxd1 Rd8 25.Rxd8+ Qxd8 26.Be2 Be6 27.g4 Qd4 28.Nf5 Qxe4 29.Qxe4 Nxe4
30.Ne7 Nc3 31.Ba6 Bd7 32.Bc8 Be8 33.Bb7 Ne2+ 34.Kf1 Nd4  0-1

[Event "SWZ-chT"]
[Site "SWZ"]
[Date "1999.??.??"]
[Round "3"]
[White "Weindl, Alfred"]
[Black "Moor, Olivier"]
[Result "1-0"]
[WhiteElo "2342"]
[BlackElo "2304"]

1.Nf3 d5 2.g3 Nc6 3.d4 Bf5 4.Bg2 Nb4 5.Na3 e6 6.O-O Be7 7.c3 Na6 8.Qb3 Qc8
9.c4 c6 10.Bf4 Nf6 11.Rac1 O-O 12.Rfd1 h6 13.Nb5 Qd8 14.Nc3 Qb6 15.Qxb6 axb6
16.Ne5 Nb8 17.f3 g5 18.Bd2 dxc4 19.e4 Bh7 20.a4 Nbd7 21.Nxc4 Kg7 22.b3 Bb4
23.h3 Ne8 24.Be1 Nd6 25.Ne5 Rad8 26.Nd3 Bxc3 27.Bxc3 Kg8 28.Bb4 Nb8 29.Ne5 Rfe8
30.Bxd6 Rxd6 31.Nc4 Rdd8 32.Nxb6 Nd7 33.Nc4 Nf6 34.Kf2 Re7 35.Ne5 Nh5 36.Bf1 f6
37.Ng4 Kg7 38.Ne3 Red7 39.Nc2 c5 40.Bb5 Rd6 41.Ne3 Rxd4 42.Rxd4 cxd4 43.Rc7+ Kh8
44.Nc4 d3 45.Nd2 f5 46.Rxb7 fxe4 47.fxe4 Rf8+ 48.Ke3 Nxg3 49.a5 Ra8 50.a6 Nxe4
51.Nxe4 Bxe4 52.Kxe4  1-0

[Event "SWZ-chT"]
[Site "SWZ"]
[Date "1999.??.??"]
[Round "6"]
[White "Brunner, Lucas"]
[Black "Moor, Olivier"]
[Result "1-0"]
[WhiteElo "2492"]
[BlackElo "2304"]

1.Nf3 d5 2.g3 g6 3.Bg2 Bg7 4.O-O e5 5.c4 d4 6.d3 Ne7 7.b4 O-O 8.Nbd2 a5 9.bxa5 Nec6
10.Nb3 Nxa5 11.Bg5 f6 12.Bd2 Nac6 13.e3 Na6 14.exd4 exd4 15.Bc1 Kh8 16.Re1 g5
17.Ba3 Rg8 18.Qd2 Bf8 19.Bxf8 Rxf8 20.h4 g4 21.Nh2 Qd6 22.Bxc6 bxc6 23.Re4 c5
24.Rae1 Bf5 25.Re7 Kg8 26.Nxg4 Bg6 27.R1e6 Qd8 28.Qh6  1-0

[Event "SWZ-chT"]
[Site "SWZ"]
[Date "1999.??.??"]
[Round "7"]
[White "Hochstrasser, Michael"]
[Black "Wyss, Thomas"]
[Result "1-0"]
[WhiteElo "2333"]
[BlackElo "2184"]

1.Nf3 d5 2.g3 c5 3.Bg2 Nc6 4.O-O e6 5.d3 g6 6.Nc3 Bg7 7.e4 Nge7 8.Bg5 h6
9.Bf4 a6 10.Qc1 d4 11.Ne2 b5 12.a4 Bb7 13.axb5 axb5 14.Rxa8 Bxa8 15.c3 e5
16.Bd2 c4 17.cxd4 cxd3 18.Nc3 b4 19.Nd5 exd4 20.Nxb4 Nxb4 21.Bxb4 O-O 22.Ne1 Re8
23.Nxd3 Nc6 24.Bd2 Na5 25.Bxh6 Nb3 26.Qf4 Bxh6 27.Qxh6 Bxe4 28.Bxe4 Rxe4
29.h4 Qa5 30.Nf4 Qf5 31.Rd1 Qg4 32.Rd3 Nc5 33.Ra3 Re8 34.h5 g5 35.Nd5  1-0

[Event "SWZ-chT"]
[Site "SWZ"]
[Date "1999.??.??"]
[Round "7"]
[White "Weindl, Alfred"]
[Black "Masserey, Yvan"]
[Result "1-0"]
[WhiteElo "2342"]
[BlackElo "2345"]

1.Nf3 d5 2.g3 Bg4 3.Bg2 Nd7 4.O-O e6 5.d3 Bc5 6.Nbd2 Ne7 7.e4 O-O 8.Qe1 c6
9.Kh1 a5 10.Ng1 a4 11.f4 f6 12.a3 Re8 13.h3 Bh5 14.g4 Bf7 15.e5 Ba7 16.Ndf3 Qc7
17.Ne2 c5 18.c4 Nc6 19.Nc3 Bb8 20.exf6 gxf6 21.g5 f5 22.Bd2 Nb6 23.Rc1 Qd7
24.Qf2 dxc4 25.Qxc5 Nd5 26.Qxc4 Bxf4 27.Bxf4 e5 28.Qb5 exf4 29.Nxa4 Ra5 30.Nc5 Qe7
31.Qxb7 Qd6 32.Nd7 Nd8 33.Qc8 Be6 34.Nf6+ Kf8 35.Nxe8  1-0

[Event "SWZ-chT"]
[Site "SWZ"]
[Date "1999.??.??"]
[Round "7"]
[White "Forster, Richard"]
[Black "Moor, Olivier"]
[Result "1/2-1/2"]
[WhiteElo "2468"]
[BlackElo "2304"]

1.Nf3 d5 2.g3 g6 3.Bg2 Bg7 4.O-O e5 5.d3 Ne7 6.c3 a5 7.a4 O-O 8.Nbd2 Nbc6
9.Re1 b6 10.e4 d4 11.Nb3 Ba6 12.cxd4 exd4 13.e5 Nb4 14.Nfxd4 Rc8 15.Bg5 c5
16.Nb5 h6 17.Bd2 Nxd3 18.Re3 Nf5 19.Re4 Nxe5 20.Bc3 Nc6 21.Qe1 Qd5 22.Nd2 Qd8
23.Nc4 Bxb5 24.axb5 Ncd4 25.Rd1 Qc7 26.Bd2 Ne6 27.Rxe6 fxe6 28.Qxe6+ Kh7
29.Nxb6 Rb8 30.Nd7 Rfe8 31.Qc6 Qxc6 32.bxc6 Rxb2 33.c7 Bd4 34.g4 Nd6 35.Bf4 Nc8
36.Bc6 Ree2 37.Bg3 Na7 38.Bd5 a4 39.Nf8+ Kh8 40.Nxg6+ Kg7 41.Nf4 Rbd2 42.Rb1 Rb2
43.Ra1 Rb4 44.Rc1 Rd2 45.Ne6+ Kg6 46.Nf4+ Kg5 47.h4+ Kf6 48.Nh5+ Kg6 49.Be4+ Kf7
50.Re1 Bc3 51.Re3 a3 52.Rf3+ Ke7 53.Rxc3 a2 54.Ra3 Rd1+ 55.Kh2 a1=Q 56.Rxa7 Qxa7
57.c8=Q Rxe4 58.Qh8 Qa4 59.Qh7+ Ke6 60.Qf5+ Ke7 61.Qh7+ Ke6 62.Qxh6+ Ke7
63.Qh7+ Ke6 64.Qf5+ Ke7 65.Qxc5+ Ke6 66.Qf5+ Ke7 67.Qh7+ Ke6 68.Ng7+ Kd5
69.Qf5+ Kc6 70.Qc8+ Kb5 71.Ne6 Rxg4 72.Nc7+ Kb6 73.Na8+ Kb5 74.Qb8+ Kc5 75.Qf8+ Kb5
76.Qf5+ Kc6 77.Qe6+ Kc5 78.Qe7+ Kb5 79.Qe2+ Kc6 80.Qe8+ Kc5 81.Qe7+ Kb5  1/2-1/2

[Event "Isla de Tenerife op"]
[Site "Tenerife"]
[Date "1999.??.??"]
[Round "3"]
[White "Strikovic, Aleksa"]
[Black "Boudre, Jean Pierre"]
[Result "1/2-1/2"]
[WhiteElo "2520"]
[BlackElo "2385"]

1.Nf3 d5 2.g3 Bg4 3.Bg2 Nd7 4.O-O e5 5.d3 Ngf6 6.Nbd2 c6 7.e4 dxe4 8.dxe4 Bc5
9.h3 Bxf3 10.Qxf3 O-O 11.Nc4 Re8 12.Rd1  1/2-1/2

[Event "POL-ch U20"]
[Site "Trzbinia"]
[Date "1999.??.??"]
[Round "?"]
[White "Mickiewicz, Piotr"]
[Black "Dziuba, Marcin"]
[Result "1-0"]
[WhiteElo "2230"]
[BlackElo "2310"]

1.Nf3 d5 2.g3 Nf6 3.Bg2 c6 4.O-O Bg4 5.d3 Nbd7 6.Nbd2 e6 7.h3 Bxf3 8.Bxf3 Bd6
9.e4 O-O 10.Qe2 Re8 11.Bg2 Qb6 12.Kh1 Qa6 13.Qe1 Rad8 14.f4 dxe4 15.dxe4 e5
16.f5 Qa4 17.g4 Qxc2 18.Bf3 h6 19.h4 Nh7 20.Rg1 Nc5 21.Bd1 Qd3 22.Rg3 Qd4
23.Bc2 Be7 24.g5 hxg5 25.hxg5 Nxg5 26.Nb3 Nxb3 27.axb3 Qd6 28.Kg2 f6 29.Qe2 a6
30.b4 g6 31.Bb3+ Kg7 32.Qc4 b5 33.Rxg5 bxc4 34.Rxg6+ Kf7 35.Bxc4+ Qd5 36.exd5 cxd5
37.Bxa6 Bxb4 38.Bb5 Rg8 39.Ra7+ Be7 40.Bd2 Rxg6+ 41.fxg6+ Ke6 42.Bd7+  1-0

[Event "POL-ch U20"]
[Site "Trzbinia"]
[Date "1999.??.??"]
[Round "?"]
[White "Stryjecki, Marek"]
[Black "Jakubowski, Krzysztof"]
[Result "1-0"]
[WhiteElo "2397"]
[BlackElo "2291"]

1.Nf3 d5 2.g3 Nf6 3.Bg2 e6 4.O-O Be7 5.d3 O-O 6.Nbd2 c5 7.e4 Nc6 8.e5 Nd7
9.Re1 b5 10.Nf1 a5 11.h4 b4 12.N1h2 Qc7 13.Bf4 Nd4 14.Ng4 Kh8 15.Ng5 Qd8
16.c3 Nf5 17.c4 Nb6 18.Ne3 Nxe3 19.Bxe3 g6 20.Qg4 h5 21.Qf4 Qe8 22.Nf3 Ra7
23.Qh6+ Kg8 24.Bg5 f6 25.exf6 Bxf6 26.Bxf6 Rxf6 27.Ne5 Qf8 28.Qxf8+ Kxf8
29.Rac1 Rc7 30.Re2 Ba6 31.b3 d4 32.Rce1 Bc8 33.Nc6 a4 34.Nd8 axb3 35.axb3 Ke7
36.Nxe6 Rxe6 37.Rxe6+ Bxe6 38.Bd5 Nxd5 39.cxd5 Kd6 40.Rxe6+ Kxd5 41.Rxg6 Ra7
42.g4 hxg4 43.h5 Ke5 44.h6 Rh7 45.Kg2 Rc7 46.Rxg4 Kf6 47.Rh4 Rh7 48.f4 Kf5
49.Kf3 Kg6 50.Rh2 Kf5 51.Rh1 Kg6 52.Ke4 Re7+ 53.Kd5 Kh7 54.Kxc5 Rb7 55.f5 Rb8
56.Kxd4 Rc8 57.f6  1-0

[Event "RUS-Cup"]
[Site "Tula "]
[Date "1999.??.??"]
[Round "1"]
[White "Lopushnoy, Denis"]
[Black "Sherbakov, Ruslan"]
[Result "0-1"]
[WhiteElo "2399"]
[BlackElo "2559"]

1.Nf3 d5 2.g3 Bg4 3.Bg2 Nd7 4.c4 e6 5.cxd5 exd5 6.Nc3 c6 7.d3 Bd6 8.O-O Ne7
9.Qc2 O-O 10.e4 Rc8 11.Re1 Bxf3 12.Bxf3 d4 13.Nb1 c5 14.Be2 c4 15.dxc4 Ne5
16.Rd1 N7c6 17.a3 b5 18.b3 d3 19.Bxd3 Nd4 20.Qb2 Nef3+ 21.Kg2 Be5 22.Nc3 Qf6
23.Be3 Nh4+ 24.gxh4 Qf3+ 25.Kg1 Rc6 26.Bf1 Rg6+ 27.Bg5 Qg4+ 28.Kh1 Nf3 29.Bg2 Rxg5
30.hxg5  0-1

[Event "RUS-Cup"]
[Site "Tula "]
[Date "1999.??.??"]
[Round "3"]
[White "Yandemirov, Valeri"]
[Black "Burmakin, Vladimir"]
[Result "1/2-1/2"]
[WhiteElo "2475"]
[BlackElo "2534"]

1.Nf3 d5 2.g3 c6 3.Bg2 Bf5 4.b3 e6 5.Bb2 Nf6 6.O-O Be7 7.d3 O-O 8.Nbd2 a5
9.a3 c5 10.Ne5 h6 11.e4 Bh7 12.a4 Nbd7 13.exd5 Nxe5 14.Bxe5 exd5 15.Qf3 Qd7
16.Rae1 Rad8 17.Bb2 Bg6 18.Qe3 Rfe8 19.Bxf6 Bxf6 20.Qxc5 Rxe1 21.Rxe1 Rc8
22.Qxd5 Qxd5 23.Bxd5 Rxc2 24.Nf3 Bxd3 25.Re8+ Kh7 26.Bxb7 g6 27.Kg2 Kg7 28.Re3 Be2
29.Bd5 Rb2 30.Ne5 Bg5 31.Rc3 Bf6 32.Re3 Bg5  1/2-1/2